| 000 | 01187nam a2200229Ia 4500 | ||
|---|---|---|---|
| 001 | L261-18413 | ||
| 003 | IT-CnALBA | ||
| 008 | 170116s9999||||xx |||||||||||||| ||und|| | ||
| 040 |
_aIT-CnALBA _cIT-CnALBA |
||
| 041 | _aITALIANO | ||
| 100 | _aMARTINA GIACOMO, SJ. | ||
| 245 | 0 | _aSTORIA DELLA CHIESA. VOL. III. | |
| 250 | _a1a ed. | ||
| 260 |
_a ROMA _bCENTRO UT UNUM SINT _c1969 [1° Ed.:1969 - Ed.Ling.Originale: 1969] |
||
| 300 | _a170 p. | ||
| 500 | _aRIFORMA PROTESTANTE. RIFORMA CATTOLICA. CONTRORIFORMA. CHIESA NELL'ETA' DELL'ASSOLUTISMO. CARATTERI DELL'ASSOLUTISMO. GIURISDIZIONALISMO. CORRENTI E MOVIMENTI RELIGIOSI NEL SEICENTO E SETTECENTO. QUIETISMO. GIANSENISMO GALLICANESIMO. LE MISSIONI. COLONIZZ | ||
| 501 | _aSocietà San Paolo EM - Piazza San Paolo, 14 - 12051 ALBA (CN) (non commercial uses only) ® Copyright 2017 | ||
| 520 | _aRIFORMA PROTESTANTE. RIFORMA CATTOLICA. CONTRORIFORMA. CHIESA NELL'ETA' DELL'ASSOLUTISMO. CARATTERI DELL'ASSOLUTISMO. GIURISDIZIONALISMO. CORRENTI E MOVIMENTI RELIGIOSI NEL SEICENTO E SETTECENTO. QUIETISMO. GIANSENISMO GALLICANESIMO. LE MISSIONI. COLONIZZ | ||
| 650 | _aTEOLOGIA SOCIALE | ||
| 942 | _cBK | ||
| 957 | _71 | ||
| 999 |
_a23159 _bNO _g Copie: 1 _c277544 _d277544 |
||